| 000 | 004180000a22001690004500 | ||
|---|---|---|---|
| 003 | MACL | ||
| 005 | 20151230161110.0 | ||
| 008 | 151230b xxu||||| |||| 00| 0 eng d | ||
| 040 |
_aMACL _cMACL |
||
| 041 | _aEnglish | ||
| 082 | _a320/DEL | ||
| 100 |
_aBurns, C Delisle _925202 |
||
| 245 | _aPolitical Ideals | ||
| 260 |
_bThe World Press Ltd _c1960 |
||
| 650 |
_aPolitical Science _925204 |
||
| 942 |
_cBK _k320/DEL _2ddc |
||
| 999 |
_c39122 _d39122 |
||